| 000 -LEADER |
| fixed length control field |
00715nam a22002297a 4500 |
| 003 - CONTROL NUMBER IDENTIFIER |
| control field |
OSt |
| 005 - DATE AND TIME OF LATEST TRANSACTION |
| control field |
20241031123240.0 |
| 008 - FIXED-LENGTH DATA ELEMENTS--GENERAL INFORMATION |
| fixed length control field |
241031b ||||| |||| 00| 0 eng d |
| 020 ## - INTERNATIONAL STANDARD BOOK NUMBER |
| International Standard Book Number |
9780435392772 |
| 040 ## - CATALOGING SOURCE |
| Transcribing agency |
KH8 |
| 082 ## - DEWEY DECIMAL CLASSIFICATION NUMBER |
| Classification number |
400 BEL |
| 100 ## - MAIN ENTRY--PERSONAL NAME |
| Personal name |
Bell, Clive, |
| Relator term |
author. |
| 245 ## - TITLE STATEMENT |
| Title |
Expo 2 : |
| Remainder of title |
Vert Resource & Assessment File / |
| Statement of responsibility, etc. |
Clive Bell, Nancy Brannon and Michael Wardle. |
| 260 ## - PUBLICATION, DISTRIBUTION, ETC. |
| Place of publication, distribution, etc. |
United Kingdom ; |
| Name of publisher, distributor, etc. |
Pes=arson Education Ltd ; |
| Date of publication, distribution, etc. |
2008. |
| 300 ## - PHYSICAL DESCRIPTION |
| Extent |
164 pages : |
| Other physical details |
illustrations ; |
| Dimensions |
30 cm + |
| Accompanying material |
2 cd - rom. |
| 650 ## - SUBJECT ADDED ENTRY--TOPICAL TERM |
| Topical term or geographic name entry element |
Foreign language |
| Form subdivision |
Spanish |
| 650 ## - SUBJECT ADDED ENTRY--TOPICAL TERM |
| Topical term or geographic name entry element |
Practice file |
| 650 ## - SUBJECT ADDED ENTRY--TOPICAL TERM |
| Topical term or geographic name entry element |
Assessment file |
| 700 ## - ADDED ENTRY--PERSONAL NAME |
| Personal name |
Brannon, Nancy, |
| Relator term |
author. |
| 700 ## - ADDED ENTRY--PERSONAL NAME |
| Personal name |
Wardle. Michael, |
| Relator term |
author. |
| 942 ## - ADDED ENTRY ELEMENTS (KOHA) |
| Source of classification or shelving scheme |
|
| Koha item type |
Teaching Resources |